Statystyki dla Puchar Świata - klasyfikacja generalna za sezon 2000/01

Kliknij tutaj aby rozwiązać quiz!

Ogólne statystyki

  • Ten quiz został rozwiązany 26 razy
  • Średni wynik to 38 z 82

Statystyki odpowiedzi

MiejsceSkoczekNarodowośćPkt% Poprawnych
1.Adam MałyszPolska1531
100%
5.Janne AhonenFinlandia686
100%
2.Martin SchmittNiemcy1173
100%
4.Noriaki KasaiJaponia728
100%
15.Jussi HautamaekiFinlandia328
92%
6.Matti HautamaekiFinlandia648
92%
30.Kazuyoshi FunakiJaponia144
88%
Robert MatejaPolska133
88%
9.Sven HannawaldNiemcy462
88%
12.Andreas WidhoelzlAustria388
84%
3.Risto JussilainenFinlandia938
84%
49.Takanobu OkabeJaponia57
84%
35.Jakub JandaCzechy113
80%
14.Andreas GoldbergerAustria373
76%
16.Hideharu MiyahiraJaponia302
76%
48.Andreas KuttelSzwajcaria63
72%
13.Martin HoellwarthAustria374
72%
36.Martin KochAustria109
72%
26.Masahiko HaradaJaponia167
72%
Wojciech SkupieńPolska89
72%
28.Roar LjoekelsoeyNorwegia151
68%
27.Roberto CeconWłochy159
68%
7.Wolfgang LoitzlAustria614
68%
Łukasz KruczekPolska3
64%
8.Stefan HorngacherAustria566
64%
38.Tami KiuruFinlandia99
64%
18.Veli-Matti LindstroemFinlandia277
64%
17.Ville KanteeFinlandia283
64%
55.Alan AlbornStany Zjednoczone42
60%
40.Alexander HerrNiemcy94
60%
11.Tommy IngebrigtsenNorwegia391
60%
33.Dimitriy VassilievRosja129
56%
Heung-Chul ChoiKorea Południowa3
56%
21.Toni NieminenFinlandia230
56%
66.Haavard LieNorwegia14
52%
22.Michael UhrmannNiemcy184
52%
39.Peter ZontaSłowenia96
52%
53.Anders BardalNorwegia47
48%
20.Kazuya YoshiokaJaponia237
48%
46.Nicolas DessumFrancja68
48%
47.Damjan FrasSłowenia66
44%
51.Georg SpathNiemcy52
44%
31.Henning StensrudNorwegia133
44%
24.Igor MedvedSłowenia179
44%
10.Jani SoininenFinlandia394
44%
54.Manuel FettnerAustria45
44%
25.Christof DuffnerNiemcy173
40%
37.Kristoffer JaafsSzwecja107
40%
34.Reinhard SchwarzenbergerAustria120
40%
81.Michael NeumayerNiemcy1
36%
Michal DolezalCzechy1
36%
45.Morten SolemNorwegia73
36%
Jaroslav SakalaCzechy19
32%
19.Jure RadeljSłowenia265
32%
60.Lasse OttesenNorwegia23
32%
56.Yuta WataseJaponia35
32%
23.Frank LofflerNiemcy180
28%
50.Hansjoerg JaekleNiemcy54
28%
61.Kristian BrendenNorwegia21
28%
58.Jakub HlavaCzechy26
24%
64.Primoz Zupan-UrhSłowenia16
24%
44.Stefan KaiserAustria76
24%
70.Valery KobelevRosja9
24%
Ildar FatchullinRosja9
20%
41.Kazuhiro NakamuraJaponia91
20%
52.Marco SteinauerSzwajcaria48
20%
Morten AagheimNorwegia5
20%
Lauri HakolaFinlandia10
16%
42.Sylvain FrelholzSzwajcaria89
16%
29.Olav Magne DonnemNorwegia148
12%
Pekka SalminenFinlandia2
12%
57.Roland AudenriethNiemcy31
12%
62.Johan MuntersSzwecja19
8%
76.Anton KalinitschenkoRosja3
4%
73.Bernhard MetzlerAustria5
4%
Lauri HuuskonenFinlandia16
4%
68.Yukitaka FukitaJaponia10
4%
79.Andreas BaumgartnerAustria2
0%
75.Christoph GrillhoeslNiemcy4
0%
59.Dennis StoerlNiemcy25
0%
72.Frank ReichelNiemcy8
0%
67.Sota OkamuraJaponia12
0%

Rozkład punktacji

Percentyl według liczby udzielonych odpowiedzi

Procent ludzi z każdym wynikiem

Twoja historia wyników

Nie rozwiązałeś tego quizu